000 00406 a2200133 4500
020 _a0750663219
082 _a624.171 ZIE
100 _aZienkiewicz, O. C.
245 _aFinite Element Method for Solid and Structural Mechanics/
_cO. C. Zienkiewicz, R. L. Taylor
250 _a6th ed
260 _aBoston :
_bElsevier,
_c2005
300 _axv, 631p. :
_bill. ;
_c29 cm
650 _aFinite element method
650 _aStructural Mechanics
999 _c1222
_d1222